| 000 | 01714nam a22002297a 4500 | ||
|---|---|---|---|
| 999 |
_c62168 _d62168 |
||
| 003 | Ge_BSU | ||
| 005 | 20240725145118.0 | ||
| 008 | 240725s2024 ge ||||| |||| 00| 0 geo d | ||
| 041 | _ageo | ||
| 080 | _a33 მ-53 | ||
| 100 |
_a მელაძე, ალეკო _922963 |
||
| 245 |
_aრეგიონის საინოვაციო სისტემის ფორმირება: _bთეორია,მეთოდოლოგია და პრაქტიკა (აჭარის ავტონომიური რესპუბლიკის მაგალითზე) / _cალეკო მელაძე, სამეცნ.ხელმძღვ. გიორგი აბუსელიძე |
||
| 264 |
_aბათუმი: _bბათუმის შოთა რუსთაველის სახელმწიფო უნივერსიტეტი _c2024. |
||
| 300 |
_a197 გვ.: _bცხრ; დიაგრ; _c30 სმ. |
||
| 653 | _aეკონომიკა | ||
| 653 | _aდისერტაცია | ||
| 700 |
_aაბუსელიძე,გიორგი _eსამეცნიერო ხელმძღვანელი _922964 |
||
| 710 |
_aბათუმის შოთა რუსთაველის სახელმწიფო უნივერსიტეტი _922965 |
||
| 710 |
_aეკონომიკისა და ბიზნესის ფაკულტეტი _922966 |
||
| 710 |
_aსაფინანსო, საბანკო და სადაზღვევო საქმის დარგობრივი დეპარტამენტი _922967 |
||
| 942 |
_2udc _cᲬᲘᲒᲜᲘ |
||